Globlization, co-operation costs, and wage inequalities (Record no. 72712)

000 -LEADER
fixed length control field 00472pab a2200193 454500
008 - FIXED-LENGTH DATA ELEMENTS--GENERAL INFORMATION
fixed length control field 180718b2006 xxu||||| |||| 00| 0 eng d
100 ## - MAIN ENTRY--PERSONAL NAME
Personal name Anderson, Edward
245 ## - TITLE STATEMENT
Title Globlization, co-operation costs, and wage inequalities
260 ## - PUBLICATION, DISTRIBUTION, ETC.
Date of publication, distribution, etc. 2006
300 ## - PHYSICAL DESCRIPTION
Extent p.569-95.
362 ## - DATES OF PUBLICATION AND/OR SEQUENTIAL DESIGNATION
Dates of publication and/or sequential designation Oct.
650 ## - SUBJECT ADDED ENTRY--TOPICAL TERM
Topical term or geographic name entry element Globalization
650 ## - SUBJECT ADDED ENTRY--TOPICAL TERM
Topical term or geographic name entry element Wages
700 ## - ADDED ENTRY--PERSONAL NAME
Personal name Wood,Adrian
700 ## - ADDED ENTRY--PERSONAL NAME
Personal name Tang, Paul J. G.
773 ## - HOST ITEM ENTRY
Main entry heading Oxford Economic Papers
908 ## - PUT COMMAND PARAMETER (RLIN)
Put command parameter N
909 ## -
-- 72712
Holdings
Withdrawn status Lost status Damaged status Not for loan Permanent Location Current Location Date acquired Serial Enumeration / chronology Barcode Date last seen Price effective from Koha item type
        Indian Institute of Public Administration Indian Institute of Public Administration 2018-07-19 Volume no: 58, Issue no: 4 AR73172 2018-07-19 2018-07-19 Articles

Powered by Koha